00535nam a2200193 a 4500001001300000003000900013005001700022008004100039020002300080082001700103100002500120245003000145260005500175300000900230500003500239505001000274650003200284700002500316nice12345678IN_TiNIC20260116013735.0050524s1997 newa grp 000 0 eng  a8121532 c37500a954.022bNIZ aNizami, Khaliq Ahmad aRoyalty in Medieval India aNew Delhi bMunshiram Manoharlal Publishers c1997 a228p aincludes index and biblioraphy2 aIndex aIndia-History Muslim Period1 aNizami, Khaliq Ahmad